Holocaust and looted art (Record no. 71784)

MARC details
000 -LEADER
fixed length control field 01759cam a2200205 4500
001 - CONTROL NUMBER
control field ABS66190
008 - FIXED-LENGTH DATA ELEMENTS--GENERAL INFORMATION
fixed length control field 021217n2002 000 0 eng u
035 ## - SYSTEM CONTROL NUMBER
System control number (Sirsi) u120801
100 ## - MAIN ENTRY--PERSONAL NAME
Personal name Giovannini, T.
245 ## - TITLE STATEMENT
Title Holocaust and looted art
260 ## - PUBLICATION, DISTRIBUTION, ETC.
Date of publication, distribution, etc. 2002
490 ## - SERIES STATEMENT
Series statement Art Antiquity and Law
Volume/sequential designation 7(3) September 2002, 263-280(18)
520 ## - SUMMARY, ETC.
Summary, etc. Considers the looting of works of art during the Nazi period and international and national initiatives to redress the problem. The Nuremberg Tribunal established the principle that the looting and destruction of art and cultural property constituted war crimes under international law, the Allied Powers issued the London Declaration notifying all neutral countries that all transactions carried out in occupied countries would be declared invalid, individual countires including Switzerland, Belgium and France passed national laws specfic to looted assets for a limited time period. Outlines international initiatives aimed at dealing with the problem incuding the European Commission on Looted Art 1999, the Holocaust Era Assets Conference in Washington where 44 states undertook to research and to return looted art within their national legisation, the Stockholm International Forum on Holocaust Education January 2000 and the Vilnius International Forum on the Holocaust Era Looted Cultural Asset in October 2000. Considers national initiatives and case law. The author recommends that arbitration and other forms of dispute resolution which as mediation could be used to resolve disputes over ownership.initiatives and case law.
590 ## - LOCAL NOTE (RLIN)
Local note ABS
650 ## - SUBJECT ADDED ENTRY--TOPICAL TERM
Topical term or geographic name entry element STOLEN WORKS OF ART
650 ## - SUBJECT ADDED ENTRY--TOPICAL TERM
Topical term or geographic name entry element HOLOCAUST VICTIMS
650 ## - SUBJECT ADDED ENTRY--TOPICAL TERM
Topical term or geographic name entry element RESTITUTION
690 ## - LOCAL SUBJECT ADDED ENTRY--TOPICAL TERM (OCLC, RLIN)
Topical term or geographic name as entry element Arts and antiques
9 (RLIN) 6217
942 ## - ADDED ENTRY ELEMENTS (KOHA)
Suppress in OPAC 0
Holdings
Withdrawn status Lost status Source of classification or shelving scheme Damaged status Not for loan Home library Current library Shelving location Date acquired Total Checkouts Full call number Barcode Date last seen Copy number Price effective from Koha item type
    Dewey Decimal Classification     London London Journal article 17/12/2002   ABS66190 120801-1001 06/08/2019 1 06/08/2019 Journal article